Campeões Brasileiros de Futebol - Statistics

Estatísticas Gerais
  • Esse quiz foi jogado 544 vezes
  • A pontuação média é 25 de 66
Estatísticas das Respostas
Nome Oficial Campeão % Correto
Brasileirão Assaí - Série A 2020 Flamengo
97%
Brasileirão Assaí - Série A 2021 Atlético-MG
96%
Brasileirão Assaí - Série A 2019 Flamengo
96%
Brasileirão Assaí - Série A 2018 Palmeiras
95%
Brasileirão Série A 2017 Corinthians
93%
Brasileirão Chevrolet 2016 - Série A Palmeiras
91%
Brasileirão Chevrolet 2015 - Série A Corinthians
89%
Brasileirão Chevrolet 2014 - Série A Cruzeiro
83%
Brasileirão Série A 2013 Cruzeiro
80%
Brasileirão Série A 2012 Fluminense
77%
Brasileirão Série A 2011 Corinthians
74%
Brasileirão Série A 2009 Flamengo
70%
Brasileirão Série A 2006 São Paulo
68%
Brasileirão Série A 2010 Fluminense
67%
Brasileirão Série A 2008 São Paulo
67%
Brasileirão Série A 2007 São Paulo
66%
Brasileirão Série A 2005 Corinthians
60%
Brasileirão Série A 2003 Cruzeiro
55%
Brasileirão Série A 2004 Santos
55%
Brasileirão Série A 2002 Santos
49%
Copa João Havelange de 2000 Vasco
47%
Brasileirão Série A 2001 Athletico-PR
41%
Campeonato Brasileiro de Futebol de 1999 Corinthians
40%
Copa União de 1987 Flamengo
34%
Copa Brasil de 1987 Sport
33%
Campeonato Brasileiro de Futebol de 1995 Botafogo
32%
Campeonato Brasileiro de Futebol de 1998 Corinthians
32%
Taça Brasil de 1959 Bahia
30%
Campeonato Brasileiro de Futebol de 1997 Vasco
28%
Campeonato Brasileiro de Futebol de 1996 Grêmio
27%
Campeonato Brasileiro de Futebol de 1994 Palmeiras
26%
Taça Brasil de 1961 Santos
25%
Campeonato Brasileiro de Futebol de 1990 Corinthians
24%
Taça Brasil de 1963 Santos
24%
Taça Brasil de 1962 Santos
24%
Taça Brasil de 1965 Santos
23%
Taça Brasil de 1964 Santos
23%
Campeonato Brasileiro de Futebol de 1992 Flamengo
22%
Campeonato Brasileiro de Futebol de 1993 Palmeiras
22%
Campeonato Brasileiro de Futebol de 1991 São Paulo
20%
Taça Brasil de 1960 Palmeiras
19%
Copa Brasil de 1988 Bahia
18%
Taça de Ouro de 1980 Flamengo
18%
Copa Brasil de 1979 Internacional
18%
Campeonato Nacional de Clubes de 1971 Atlético-MG
17%
Taça de Ouro de 1982 Flamengo
17%
Torneio Roberto Gomes Pedrosa de 1967 Palmeiras
17%
Taça de Ouro de 1983 Flamengo
16%
Taça Brasil de 1967 Palmeiras
16%
Campeonato Brasileiro de Futebol de 1989 Vasco
15%
Taça de Ouro de 1985 Coritiba
14%
Taça de Ouro de 1981 Grêmio
14%
Copa Brasil de 1986 São Paulo
14%
Copa Brasil de 1976 Internacional
12%
Copa Brasil de 1975 Internacional
12%
Taça de Prata de 1968 Santos
12%
Copa Brasil de 1977 São Paulo
12%
Copa Brasil de 1984 Fluminense
11%
Copa Brasil de 1978 Guarani
11%
Taça de Prata de 1969 Palmeiras
11%
Taça Brasil de 1968 Botafogo
9%
Taça Brasil de 1966 Cruzeiro
9%
Campeonato Nacional de Clubes de 1973 Palmeiras
9%
Campeonato Nacional de Clubes de 1972 Palmeiras
9%
Taça de Prata de 1970 Fluminense
8%
Campeonato Nacional de Clubes de 1974 Vasco
6%
Nenhum quiz correspondente encontrado
Distribuição das Pontuações
Porcentagem de Pessoas com Cada Pontuação
Percentil de Números Respondidos
Sua Pontuação Histórica
Você não jogou esse quiz